Constitutional And Political History of Pakistan (Record no. 292630)

000 -LEADER
fixed length control field 00391 a2200145 4500
001 - CONTROL NUMBER
control field 57557
003 - CONTROL NUMBER IDENTIFIER
control field NUST
005 - DATE AND TIME OF LATEST TRANSACTION
control field 20180118201610.0
008 - FIXED-LENGTH DATA ELEMENTS--GENERAL INFORMATION
fixed length control field 180118b xxu||||| |||| 00| 0 eng d
020 ## - INTERNATIONAL STANDARD BOOK NUMBER
International Standard Book Number 9780195979756
082 ## - DEWEY DECIMAL CLASSIFICATION NUMBER
Classification number 320.95491 HAM
100 ## - MAIN ENTRY--PERSONAL NAME
Personal name Hamid Khan
9 (RLIN) 9016
245 ## - TITLE STATEMENT
Title Constitutional And Political History of Pakistan
Statement of responsibility, etc. Hamid Khan
Medium English
250 ## - EDITION STATEMENT
Edition statement 1st
260 ## - PUBLICATION, DISTRIBUTION, ETC.
Place of publication, distribution, etc. New York
Name of publisher, distributor, etc. Oxford Press
Date of publication, distribution, etc. 2005
300 ## - PHYSICAL DESCRIPTION
Extent xviii 522 p
942 ## - ADDED ENTRY ELEMENTS (KOHA)
Institution code [OBSOLETE] NUST-CAE
Koha item type Book
-- Book
Call number prefix 320.95491 HAM
Source of classification or shelving scheme
Holdings
Withdrawn status Lost status Damaged status Not for loan Collection code Permanent Location Current Location Date acquired Total Checkouts Full call number Barcode Date last seen Price effective from Koha item type
          College of Aeronautical Engineering (CAE) College of Aeronautical Engineering (CAE) 04/03/2017   320.95491 HAM CAE80264 04/05/2017 04/05/2017 Book
© 2023 Central Library, National University of Sciences and Technology. All Rights Reserved.